| 000 | 01936nam a2200493Ii 4500 | ||
|---|---|---|---|
| 001 | DIGDEU1912 | ||
| 003 | NyNyDIG | ||
| 006 | m o d | ||
| 007 | cr ||||||||||| | ||
| 008 | 130501s2004 sp a ob 000 0 spa d | ||
| 020 |
_a9788498305463 _q(eBook) |
||
| 020 | _z9788474859577 | ||
| 020 | _z8474859573 | ||
| 035 | _a(OCoLC)857077392 | ||
| 040 |
_aDGITA _beng _epn _cDGITA |
||
| 043 | _ae-sp--- | ||
| 050 | 1 | 4 | _aHD2963 eBook |
| 245 | 0 | 3 |
_aLa Economía solidaria y su inserción en la formación universitaria / _cInstituto de Derechos Humanos ; equipos de investigación: primera fase: Bernardo García (coodinador), Fernando Consuegra ... [et al.], segunda fase: Xabier Etxeberria (coordinador), Marta Enciso ... [et al.]. |
| 264 | 1 |
_aBilbao : _bUniversidad de Deusto, _c2004. |
|
| 300 |
_a1 online resource (168 pages) : _bill. |
||
| 336 |
_atext _btxt _2rdacontent |
||
| 337 |
_acomputer _bc _2rdamedia |
||
| 338 |
_aonline resource _bcr _2rdacarrier |
||
| 490 | 1 |
_aSerie Derechos humanos ; _vv. 12. |
|
| 504 | _aIncludes bibliographical references (p. 161-168). | ||
| 650 | 0 | _aCooperation. | |
| 650 | 0 |
_aEconomics _xSociological aspects. |
|
| 650 | 0 | _aSocial rights. | |
| 650 | 0 |
_aCooperation _zSpain _zPaís Vasco. |
|
| 651 | 0 |
_aPaís Vasco (Spain) _xEconomic conditions. |
|
| 650 | 0 |
_aSocial rights _zSpain _zPaís Vasco. |
|
| 655 | 0 | _aElectronic books. | |
| 700 | 1 | _aGarcía, Bernardo. | |
| 700 | 1 | _aConsuegra, Fernando. | |
| 700 | 1 |
_aEtxeberria, X. _q(Xabier), _d1944- |
|
| 700 | 1 | _aEnciso, Marta. | |
| 710 | 2 |
_aUniversidad de Deusto. _bInstituto de Derechos Humanos. |
|
| 791 | 2 |
_aDigitalia (Firm), _edistributor. |
|
| 830 | 0 |
_aSerie Derechos humanos (Bilbao, Spain) ; _v12. |
|
| 793 | 0 |
_gDigitalia eBook Collection: _aUniversidad de Deusto. |
|
| 856 | 4 | 0 |
_3Digitalia Hispánica _uhttps://www.digitaliapublishing.com/a/18041/ |
| 910 | _aPremium Collection: 2007-2012 | ||
| 942 | _cRAA | ||
| 999 |
_c235633 _d235633 |
||